<?xml version="1.0" encoding="UTF-8"?>
<record
    xmlns:xsi="http://www.w3.org/2001/XMLSchema-instance"
    xsi:schemaLocation="http://www.loc.gov/MARC21/slim http://www.loc.gov/standards/marcxml/schema/MARC21slim.xsd"
    xmlns="http://www.loc.gov/MARC21/slim">

  <leader>03473nam a22002657a 4500</leader>
  <controlfield tag="003">NALT</controlfield>
  <controlfield tag="005">20250917145943.0</controlfield>
  <controlfield tag="008">250121b        th ||||| |||| 00| 0 tha d</controlfield>
  <datafield tag="020" ind1=" " ind2=" ">
    <subfield code="a">9789749760987</subfield>
  </datafield>
  <datafield tag="040" ind1=" " ind2=" ">
    <subfield code="a">NALT</subfield>
  </datafield>
  <datafield tag="050" ind1=" " ind2=" ">
    <subfield code="a">BJ 1611.2</subfield>
    <subfield code="b">&#xE21;871&#xE0A; 2560</subfield>
  </datafield>
  <datafield tag="100" ind1="1" ind2=" ">
    <subfield code="9">55612</subfield>
    <subfield code="a">&#xE41;&#xE21;&#xE17;&#xE18;&#xE34;&#xE27;&#xE2A;&#xE4C;, &#xE41;&#xE2D;&#xE19;&#xE14;&#xE23;&#xE39;&#xE27;&#xE4C;</subfield>
  </datafield>
  <datafield tag="245" ind1="1" ind2="0">
    <subfield code="a">&#xE0A;&#xE35;&#xE27;&#xE34;&#xE15;&#xE14;&#xE35; &#xE40;&#xE1B;&#xE47;&#xE19;&#xE22;&#xE31;&#xE07;&#xE44;&#xE07; How life works &#xE2A;&#xE34;&#xE48;&#xE07;&#xE14;&#xE35; &#xE46; &#xE40;&#xE01;&#xE34;&#xE14;&#xE01;&#xE31;&#xE1A;&#xE0A;&#xE35;&#xE27;&#xE34;&#xE15; &#xE41;&#xE04;&#xE48;&#xE04;&#xE34;&#xE14;&#xE40;&#xE1B;&#xE47;&#xE19; /</subfield>
    <subfield code="c">&#xE41;&#xE2D;&#xE19;&#xE14;&#xE23;&#xE39;&#xE27;&#xE4C; &#xE41;&#xE21;&#xE17;&#xE18;&#xE34;&#xE27;&#xE2A;&#xE4C;, &#xE40;&#xE02;&#xE35;&#xE22;&#xE19; ; &#xE40;&#xE2D;&#xE01;&#xE0A;&#xE31;&#xE22; &#xE27;&#xE31;&#xE07;&#xE1B;&#xE23;&#xE30;&#xE20;&#xE32;, &#xE41;&#xE1B;&#xE25;&#xE41;&#xE25;&#xE30;&#xE40;&#xE23;&#xE35;&#xE22;&#xE1A;&#xE40;&#xE23;&#xE35;&#xE22;&#xE07;.</subfield>
  </datafield>
  <datafield tag="250" ind1=" " ind2=" ">
    <subfield code="a">&#xE1E;&#xE34;&#xE21;&#xE1E;&#xE4C;&#xE04;&#xE23;&#xE31;&#xE49;&#xE07;&#xE41;&#xE23;&#xE01;.</subfield>
  </datafield>
  <datafield tag="260" ind1=" " ind2=" ">
    <subfield code="a">&#xE19;&#xE19;&#xE17;&#xE1A;&#xE38;&#xE23;&#xE35; :</subfield>
    <subfield code="b">&#xE1A;&#xE35; &#xE21;&#xE35;&#xE40;&#xE14;&#xE35;&#xE22; &#xE01;&#xE23;&#xE38;&#xE4A;&#xE1B; (&#xE1B;&#xE23;&#xE30;&#xE40;&#xE17;&#xE28;&#xE44;&#xE17;&#xE22;),</subfield>
    <subfield code="c">2560.</subfield>
  </datafield>
  <datafield tag="300" ind1=" " ind2=" ">
    <subfield code="a">192 &#xE2B;&#xE19;&#xE49;&#xE32; ;</subfield>
    <subfield code="b">&#xE20;&#xE32;&#xE1E;&#xE1B;&#xE23;&#xE30;&#xE01;&#xE2D;&#xE1A;,</subfield>
    <subfield code="c">21 &#xE0B;&#xE21;.</subfield>
  </datafield>
  <datafield tag="505" ind1="0" ind2=" ">
    <subfield code="a">1. &#xE17;&#xE33;&#xE44;&#xE21;&#xE40;&#xE27;&#xE25;&#xE32;&#xE40;&#xE01;&#xE34;&#xE14;&#xE40;&#xE23;&#xE37;&#xE48;&#xE2D;&#xE07;&#xE23;&#xE49;&#xE32;&#xE22; &#xE46; &#xE01;&#xE31;&#xE1A;&#xE0A;&#xE35;&#xE27;&#xE34;&#xE15;&#xE21;&#xE31;&#xE19;&#xE01;&#xE47;&#xE21;&#xE31;&#xE01;&#xE08;&#xE30;&#xE21;&#xE32;&#xE40;&#xE1B;&#xE47;&#xE19;&#xE23;&#xE30;&#xE25;&#xE2D;&#xE01; -- 2. &#xE2A;&#xE34;&#xE48;&#xE07;&#xE17;&#xE35;&#xE48;&#xE04;&#xE27;&#xE1A;&#xE04;&#xE38;&#xE21;&#xE0A;&#xE35;&#xE27;&#xE34;&#xE15;&#xE02;&#xE2D;&#xE07;&#xE04;&#xE38;&#xE13;&#xE01;&#xE47;&#xE04;&#xE37;&#xE2D;&#xE08;&#xE34;&#xE15;&#xE43;&#xE15;&#xE49;&#xE2A;&#xE33;&#xE19;&#xE36;&#xE01;&#xE02;&#xE2D;&#xE07;&#xE04;&#xE38;&#xE13; -- 3. &#xE41;&#xE25;&#xE49;&#xE27;&#xE17;&#xE33;&#xE44;&#xE21;&#xE40;&#xE23;&#xE37;&#xE48;&#xE2D;&#xE07;&#xE40;&#xE14;&#xE34;&#xE21; &#xE46; &#xE16;&#xE36;&#xE07;&#xE40;&#xE01;&#xE34;&#xE14;&#xE02;&#xE36;&#xE49;&#xE19;&#xE01;&#xE31;&#xE1A;&#xE09;&#xE31;&#xE19;&#xE15;&#xE25;&#xE2D;&#xE14;&#xE40;&#xE27;&#xE25;&#xE32; -- 4. &#xE40;&#xE23;&#xE32;&#xE21;&#xE2D;&#xE07;&#xE14;&#xE49;&#xE27;&#xE22;&#xE15;&#xE31;&#xE27;&#xE40;&#xE2D;&#xE07;&#xE2D;&#xE22;&#xE48;&#xE32;&#xE07;&#xE44;&#xE23; -- 5. &#xE04;&#xE27;&#xE32;&#xE21;&#xE04;&#xE34;&#xE14;&#xE04;&#xE37;&#xE2D;&#xE2D;&#xE30;&#xE44;&#xE23; -- 6. &#xE40;&#xE23;&#xE32;&#xE23;&#xE39;&#xE49;&#xE2A;&#xE36;&#xE01;&#xE2D;&#xE22;&#xE48;&#xE32;&#xE07;&#xE44;&#xE23; &#xE40;&#xE23;&#xE32;&#xE01;&#xE47;&#xE08;&#xE30;&#xE44;&#xE14;&#xE49;&#xE2D;&#xE22;&#xE48;&#xE32;&#xE07;&#xE19;&#xE31;&#xE49;&#xE19; -- 7. &#xE01;&#xE0E;&#xE41;&#xE2B;&#xE48;&#xE07;&#xE01;&#xE32;&#xE23;&#xE14;&#xE36;&#xE07;&#xE14;&#xE39;&#xE14; -- 8. &#xE40;&#xE21;&#xE37;&#xE48;&#xE2D;&#xE01;&#xE0E;&#xE41;&#xE2B;&#xE48;&#xE07;&#xE01;&#xE32;&#xE23;&#xE14;&#xE36;&#xE07;&#xE14;&#xE39;&#xE14;&#xE25;&#xE49;&#xE21;&#xE40;&#xE2B;&#xE25;&#xE27; -- 9. &#xE08;&#xE34;&#xE19;&#xE15;&#xE19;&#xE32;&#xE01;&#xE32;&#xE23; &#xE2A;&#xE48;&#xE07;&#xE1C;&#xE25;&#xE14;&#xE35;&#xE15;&#xE48;&#xE2D;&#xE0A;&#xE35;&#xE27;&#xE34;&#xE15; -- 10. &#xE42;&#xE25;&#xE01;&#xE19;&#xE35;&#xE49;&#xE04;&#xE37;&#xE2D;&#xE01;&#xE23;&#xE30;&#xE08;&#xE01;&#xE40;&#xE07;&#xE32; -- 11. &#xE01;&#xE32;&#xE23;&#xE01;&#xE23;&#xE30;&#xE17;&#xE33;&#xE2A;&#xE33;&#xE04;&#xE31;&#xE0D;&#xE2D;&#xE22;&#xE48;&#xE32;&#xE07;&#xE44;&#xE23; -- 12. &#xE41;&#xE23;&#xE07;&#xE15;&#xE48;&#xE2D;&#xE15;&#xE49;&#xE32;&#xE19; -- 13. &#xE01;&#xE32;&#xE23;&#xE1B;&#xE25;&#xE48;&#xE2D;&#xE22;&#xE27;&#xE32;&#xE07; -- 14. &#xE40;&#xE21;&#xE37;&#xE48;&#xE2D;&#xE17;&#xE38;&#xE01;&#xE2A;&#xE34;&#xE48;&#xE07;&#xE1C;&#xE34;&#xE14;&#xE17;&#xE35;&#xE48;&#xE1C;&#xE34;&#xE14;&#xE17;&#xE32;&#xE07;&#xE44;&#xE1B;&#xE2B;&#xE21;&#xE14; -- 15. &#xE01;&#xE32;&#xE23;&#xE22;&#xE2D;&#xE21;&#xE23;&#xE31;&#xE1A;&#xE43;&#xE19;&#xE2A;&#xE34;&#xE48;&#xE07;&#xE17;&#xE35;&#xE48;&#xE40;&#xE01;&#xE34;&#xE14;&#xE02;&#xE36;&#xE49;&#xE19; -- 16. &#xE40;&#xE21;&#xE37;&#xE48;&#xE2D;&#xE43;&#xE2B;&#xE49;&#xE2D;&#xE20;&#xE31;&#xE22; &#xE04;&#xE38;&#xE13;&#xE08;&#xE30;&#xE44;&#xE14;&#xE49;&#xE21;&#xE32;&#xE01;&#xE01;&#xE27;&#xE48;&#xE32;&#xE17;&#xE35;&#xE48;&#xE04;&#xE34;&#xE14; -- 17. &#xE23;&#xE48;&#xE32;&#xE07;&#xE01;&#xE32;&#xE22;&#xE41;&#xE2A;&#xE19;&#xE21;&#xE2B;&#xE31;&#xE28;&#xE08;&#xE23;&#xE23;&#xE22;&#xE4C; -- 18. &#xE04;&#xE27;&#xE32;&#xE21;&#xE25;&#xE36;&#xE01;&#xE25;&#xE31;&#xE1A;&#xE02;&#xE2D;&#xE07;&#xE2B;&#xE31;&#xE27;&#xE43;&#xE08; -- 19. &#xE40;&#xE23;&#xE32;&#xE17;&#xE38;&#xE01;&#xE04;&#xE19;&#xE15;&#xE48;&#xE32;&#xE07;&#xE40;&#xE0A;&#xE37;&#xE48;&#xE2D;&#xE21;&#xE42;&#xE22;&#xE07;&#xE01;&#xE31;&#xE19; -- 20. &#xE41;&#xE23;&#xE07;&#xE1A;&#xE31;&#xE19;&#xE14;&#xE32;&#xE25;&#xE43;&#xE08;&#xE2A;&#xE33;&#xE04;&#xE31;&#xE0D;&#xE15;&#xE48;&#xE2D;&#xE04;&#xE38;&#xE13;&#xE21;&#xE32;&#xE01; -- 21. &#xE1A;&#xE23;&#xE23;&#xE25;&#xE38;&#xE40;&#xE1B;&#xE49;&#xE32;&#xE2B;&#xE21;&#xE32;&#xE22;&#xE14;&#xE49;&#xE27;&#xE22;&#xE2B;&#xE19;&#xE17;&#xE32;&#xE07;&#xE17;&#xE35;&#xE48;&#xE14;&#xE35;&#xE01;&#xE27;&#xE48;&#xE32; -- 22. &#xE41;&#xE1A;&#xE1A;&#xE23;&#xE48;&#xE32;&#xE07;&#xE02;&#xE2D;&#xE07;&#xE01;&#xE32;&#xE23;&#xE21;&#xE35;&#xE0A;&#xE35;&#xE27;&#xE34;&#xE15;&#xE17;&#xE35;&#xE48;&#xE14;&#xE35;&#xE40;&#xE1B;&#xE47;&#xE19;&#xE22;&#xE31;&#xE07;&#xE44;&#xE07; -- 23. &#xE08;&#xE07;&#xE23;&#xE39;&#xE49;&#xE2A;&#xE36;&#xE01;&#xE02;&#xE2D;&#xE1A;&#xE04;&#xE38;&#xE13;&#xE0B;&#xE32;&#xE1A;&#xE0B;&#xE36;&#xE49;&#xE07;&#xE43;&#xE08; -- 24. &#xE08;&#xE07;&#xE2D;&#xE22;&#xE39;&#xE48;&#xE01;&#xE31;&#xE1A;&#xE1B;&#xE31;&#xE08;&#xE08;&#xE38;&#xE1A;&#xE31;&#xE19;&#xE02;&#xE13;&#xE30; -- 25. &#xE08;&#xE07;&#xE23;&#xE31;&#xE01;&#xE15;&#xE19;&#xE40;&#xE2D;&#xE07; -- 26. "&#xE17;&#xE33;&#xE44;&#xE21;&#xE09;&#xE31;&#xE19;&#xE08;&#xE36;&#xE07;&#xE2D;&#xE22;&#xE39;&#xE48;&#xE15;&#xE23;&#xE07;&#xE19;&#xE35;&#xE49;".</subfield>
  </datafield>
  <datafield tag="650" ind1=" " ind2="4">
    <subfield code="9">42091</subfield>
    <subfield code="a">&#xE08;&#xE34;&#xE15;&#xE27;&#xE34;&#xE17;&#xE22;&#xE32;&#xE1B;&#xE23;&#xE30;&#xE22;&#xE38;&#xE01;&#xE15;&#xE4C;</subfield>
  </datafield>
  <datafield tag="650" ind1=" " ind2="4">
    <subfield code="9">7747</subfield>
    <subfield code="a">&#xE01;&#xE32;&#xE23;&#xE1E;&#xE31;&#xE12;&#xE19;&#xE32;&#xE15;&#xE19;&#xE40;&#xE2D;&#xE07;</subfield>
  </datafield>
  <datafield tag="700" ind1="0" ind2=" ">
    <subfield code="9">40454</subfield>
    <subfield code="a">&#xE40;&#xE2D;&#xE01;&#xE0A;&#xE31;&#xE22; &#xE27;&#xE31;&#xE07;&#xE1B;&#xE23;&#xE30;&#xE20;&#xE32;</subfield>
  </datafield>
  <datafield tag="850" ind1=" " ind2=" ">
    <subfield code="a">NALT</subfield>
  </datafield>
  <datafield tag="942" ind1=" " ind2=" ">
    <subfield code="2">lcc</subfield>
    <subfield code="c">GB</subfield>
  </datafield>
  <datafield tag="996" ind1=" " ind2=" ">
    <subfield code="a">kornsiririn.r</subfield>
    <subfield code="b">CATSTF	</subfield>
    <subfield code="c">2025-01-21</subfield>
  </datafield>
  <datafield tag="999" ind1=" " ind2=" ">
    <subfield code="c">98880</subfield>
    <subfield code="d">98880</subfield>
  </datafield>
  <datafield tag="998" ind1=" " ind2=" ">
    <subfield code="j">8</subfield>
    <subfield code="k"> &#xE19;&#xE32;&#xE22;&#xE1A;&#xE31;&#xE13;&#xE11;&#xE34;&#xE15;  &#xE2D;&#xE38;&#xE17;&#xE32;&#xE27;&#xE07;&#xE04;&#xE4C;</subfield>
  </datafield>
  <datafield tag="952" ind1=" " ind2=" ">
    <subfield code="0">0</subfield>
    <subfield code="1">0</subfield>
    <subfield code="2">lcc</subfield>
    <subfield code="4">0</subfield>
    <subfield code="7">0</subfield>
    <subfield code="8">CSEN</subfield>
    <subfield code="a">NALT</subfield>
    <subfield code="b">NALT</subfield>
    <subfield code="c">GEN</subfield>
    <subfield code="d">2022-01-17</subfield>
    <subfield code="l">1</subfield>
    <subfield code="m">1</subfield>
    <subfield code="o">BJ 1611.2 &#xE21;871&#xE0A; 2560</subfield>
    <subfield code="p">0100009064001</subfield>
    <subfield code="r">2025-09-29 00:00:00</subfield>
    <subfield code="s">2025-09-17</subfield>
    <subfield code="w">2022-01-17</subfield>
    <subfield code="y">GB</subfield>
  </datafield>
</record>
